Počítačová podpora návrhu malého jednostopového motorového vozidla

Enregistré dans:
Détails bibliographiques
Auteur principal: Trnka, Juraj (Auteur)
Autres auteurs: Morovič, Ladislav (Directeur de thèse)
Format: Manuscrit Livre
Langue:slovaque
Publié: 2015
Sujets:
Accès en ligne:http://is.stuba.sk/zp/portal_zp.pl?podrobnosti=102490
Tags: Ajouter un tag
Pas de tags, Soyez le premier à ajouter un tag!

MARC

LEADER 00000ntm a22000003a 4500
001 stuzp51036
003 SK-STU
005 20160719153731.9
007 ta
008 150427s2015----xo-----f-mn---000-0-slo-d
040 |a STU  |b slo 
041 0 |a slo 
100 1 |a Trnka, Juraj  |u 063000  |4 aut  |U MTF Materiálovotechnologická fakulta  |T MTF Ústav výrobných technológií  |X 41972  |U M3000  |Y 83  |7 41972 
242 0 1 |a Computer aided design of small single-trace motorcycle  |y eng 
245 1 0 |a Počítačová podpora návrhu malého jednostopového motorového vozidla 
260 |c 2015 
650 4 |a CAD  |2 slo 
650 4 |a Rapid Prototyping  |2 slo 
650 4 |a spätné inžinierstvo  |2 slo 
650 4 |a motocykel  |2 slo 
650 4 |a Reverse Engeneering  |2 eng 
650 4 |a motorcycle  |2 eng 
650 4 |a CAD  |2 eng 
650 4 |a Rapid Prototyping  |2 eng 
700 1 |a Morovič, Ladislav  |4 ths  |X 38280  |7 A000038280 
856 4 |u http://is.stuba.sk/zp/portal_zp.pl?podrobnosti=102490 
996 |c M* BP-7444  |l MMSKP  |s P  |a 0  |w stuzp51036_0001 
SQL |a stuzp51036  |b DBP  |c SLO  |d Počítačová podpora návrhu malého jednostopového motorového vozidla  |e 41972  |f Trnka, Juraj  |g 063000  |h 38280  |i Morovič, Ladislav  |j 20150623  |k 174  |l 06  |m http://is.stuba.sk/zp/portal_zp.pl?podrobnosti=102490  |n B-PPT  |o 5.2.51. výrobné technológie